| 000 | 00479 a2200169 4500 | ||
|---|---|---|---|
| 000 | nam a22 7a 4500 | ||
| 001 | 1911 | ||
| 005 | 20260407134241.0 | ||
| 020 | _a9780073523327 | ||
| 100 | _aAbraham Silberschatz, Henry F. Korth, S. Sudarshan | ||
| 110 | _aAbraham Silberschatz, Henry F. Korth, S. Sudarshan | ||
| 245 | _aDatabase Management Systems | ||
| 250 | _a6th Edition | ||
| 260 |
_bMcGraw-Hill Education _c2010 |
||
| 264 |
_bMcGraw-Hill Education _c2010 |
||
| 942 | _cBK | ||
| 999 |
_c1911 _d1911 |
||